LIBRARY & INFORMATION CENTRE, KCAET, TAVANUR

ONLINE PUBLIC ACCESS CATALOGUE (OPAC)

Studies on the effects of various parameters on the performance of 'Petti and Para' (Record no. 15034)

MARC details
000 -LEADER
fixed length control field 00641nam a22001697a 4500
003 - CONTROL NUMBER IDENTIFIER
control field OSt
088 ## - REPORT NUMBER
Report number T 36
100 ## - MAIN ENTRY--AUTHOR NAME
Personal name SAJI M. KURIAKOSE
245 ## - TITLE STATEMENT
Title Studies on the effects of various parameters on the performance of 'Petti and Para'
260 ## - PUBLICATION, DISTRIBUTION, ETC. (IMPRINT)
Place of publication Tavanur 1994
Name of publisher Kelappaji College of Agricultural Engineering and Technology
300 ## - PHYSICAL DESCRIPTION
Number of Pages 112
500 ## - GENERAL NOTE
General note Studies on the effects of various parameters on the performance of 'Petti and Para'
520 ## - SUMMARY, ETC.
Summary, etc Studies on the effects of various parameters on the performance of 'Petti and Para'
700 ## - ADDED ENTRY--PERSONAL NAME
Personal name Dr. K John Thomas (Guide)
942 ## - ADDED ENTRY ELEMENTS (KOHA)
Koha item type Theses
Holdings
Collection code Home library Current library Shelving location Full call number Accession Number Koha item type Public note
Reference KAUAET KAUAET Reference 631.587 SAJ/ST T 36 Theses M.Tech Thesis
free website counter